Hranovnický spravodaj občasník občanov obce

Bibliographic Details
Other Authors: Benko, Martin (Publishing director)
Format: Journal
Language:Slovak
PhysicalDescription:zv. 30 cm
Published: Hranovnica Obecný úrad Hranovnica 2003-
ISSN:1339-9993
Subjects:
Online Access:http://www.hranovnica.sk/

MARC

LEADER 00000cas a2200000 a 4500
001 vtls008157716
003 SK-MaSNL
005 20260228162040.0
008 050601c20039999xo zr|p 0 b0slo
022 |a 1339-9993 
040 |a SNK  |b slo  |c SNK 
041 0 |a slo 
043 |a e-xo--- 
044 |a xo  |c SK 
072 7 |a 352/354  |x Stupne miestnej, oblastnej a ústrednej správy  |2 konspekt 
072 7 |a 394  |x Verejný a spoločenský život. Každodenný život  |2 konspekt 
072 7 |a 316.7  |x Sociológia kultúry. Kultúrny život  |2 konspekt 
080 |a 352  |2 2011 
080 |a 394  |2 2011 
080 |a 316.728  |2 2011 
080 |a 050  |2 2011 
080 |a (051)+(054)  |2 2011 
080 |a (437.6)  |2 2011 
210 0 |a Hranovnický sprav. 
222 0 |a Hranovnický spravodajca 
245 0 0 |a Hranovnický spravodaj  |b občasník občanov obce 
246 1 3 |a Hranovnický spravodajca  |f 3/2003- 
260 |a Hranovnica  |b Obecný úrad Hranovnica  |c 2003- 
300 |a zv.  |c 30 cm 
310 |a Nepravidelne 
362 0 |a Roč. I, č. 1 (apríl 2003)- 
500 |a Podnázov v tiráži: noviny obce Hranovnica ; občasník obce Hranovnica 
500 |a Časopis v r. 2012-2014 nevychádzal 
500 |a Podnázov sa mení: obecné noviny ; noviny obce Hranovnica 
500 |a Šéfredaktor: 1/2007-3/2011, Martin Benko 
500 |a Reg. číslo: MK EV 3406/09 ; EV 5183/15 
515 |a V r. 2015 č. 2 označené ako č. 5 
650 0 7 |a miestna správa  |2 SNKPH  |9 29496 
650 0 7 |a spoločenský život  |2 SNKPH  |9 28654 
651 7 |a Hranovnica (Slovensko)  |2 SNKPHgeo  |9 31833 
655 7 |a miestne periodiká  |2 SNKPH  |9 160938 
700 1 |a Benko, Martin  |4 pbd  |9 270255 
710 1 |a Hranovnica (Slovensko).  |b Obecný úrad  |4 pbl  |9 187128 
856 4 1 |u http://www.hranovnica.sk/ 
910 |a snk 
999 |c 6639  |d 8569 
952 |0 0  |1 0  |4 0  |7 0  |8 0  |a SNK  |b SNK  |d 2019-08-21  |i snk2019/21273  |l 0  |o snkČSB 5407/13/2018  |p 17A1369900  |r 2026-02-21 20:14:49  |t č. 1-5  |w 2026-02-21  |y PREZ 
952 |0 0  |1 0  |4 0  |7 0  |8 0  |a SNK  |b SNK  |d 2007-06-13  |i snk2007/15225  |l 0  |o snkČSB 5407/2/2004  |p 17A0477981  |r 2026-02-21 20:20:17  |t č. 1-6  |w 2026-02-21  |y PREZ 
952 |0 0  |1 0  |4 0  |7 0  |8 0  |a SNK  |b SNK  |d 2019-08-21  |i snk2019/21246  |l 0  |o snkČSB 5407/1/2003  |p 17A1368811  |r 2026-02-21 22:28:58  |t č. 1-4  |w 2026-02-21  |y PREZ 
952 |0 0  |1 0  |4 0  |7 0  |8 0  |a SNK  |b SNK  |d 2019-08-21  |i snk2019/21250  |l 0  |o snkČSB 5407/3/2005  |p 17A1369910  |r 2026-02-21 22:28:58  |t č. 1-6  |w 2026-02-21  |y PREZ 
952 |0 0  |1 0  |4 0  |7 0  |8 0  |a SNK  |b SNK  |d 2019-08-21  |i snk2019/21251  |l 0  |o snkČSB 5407/4/2006  |p 17A1369909  |r 2026-02-21 22:28:58  |t č. 1-4  |w 2026-02-21  |y PREZ 
952 |0 0  |1 0  |4 0  |7 0  |8 0  |a SNK  |b SNK  |d 2019-08-21  |i snk2019/21252  |l 0  |o snkČSB 5407/5/2007  |p 17A1369908  |r 2026-02-21 22:29:00  |t č. 1-6  |w 2026-02-21  |y PREZ 
952 |0 0  |1 0  |4 0  |7 0  |8 0  |a SNK  |b SNK  |d 2019-08-21  |i snk2019/21253  |l 0  |o snkČSB 5407/6/2008  |p 17A1369907  |r 2026-02-21 22:29:00  |t č. 1-5  |w 2026-02-21  |y PREZ 
952 |0 0  |1 0  |4 0  |7 0  |8 0  |a SNK  |b SNK  |d 2019-08-21  |i snk2019/21254  |l 0  |o snkČSB 5407/7/2009  |p 17A1369906  |r 2026-02-21 22:29:00  |t č. 1-5  |w 2026-02-21  |y PREZ 
952 |0 0  |1 0  |4 0  |7 0  |8 0  |a SNK  |b SNK  |d 2019-08-21  |i snk2019/21255  |l 0  |o snkČSB 5407/8/2010  |p 17A1369905  |r 2026-02-21 22:29:00  |t č. 1-5  |w 2026-02-21  |y PREZ 
952 |0 0  |1 0  |4 0  |7 0  |8 0  |a SNK  |b SNK  |d 2019-08-21  |i snk2019/21256  |l 0  |o snkČSB 5407/9/2011  |p 17A1369904  |r 2026-02-21 22:29:00  |t č. 1-3  |w 2026-02-21  |y PREZ  |z Č. 2 je mim. vyd.: Tridsaťročná folklórna skupina Lúčka 
952 |0 0  |1 0  |4 0  |7 0  |8 0  |a SNK  |b SNK  |d 2019-08-21  |i snk2019/21259  |l 0  |o snkČSB 5407/10/2015  |p 17A1369903  |r 2026-02-21 22:29:00  |t č. 1-4  |w 2026-02-21  |y PREZ  |z Č. 2 označené ako č. 5 
952 |0 0  |1 0  |4 0  |7 0  |8 0  |a SNK  |b SNK  |d 2019-08-21  |i snk2019/21264  |l 0  |o snkČSB 5407/11/2016  |p 17A1369902  |r 2026-02-21 22:29:00  |t č. 1  |w 2026-02-21  |y PREZ 
952 |0 0  |1 0  |4 0  |7 0  |8 0  |a SNK  |b SNK  |d 2019-08-21  |i snk2019/21272  |l 0  |o snkČSB 5407/12/2017  |p 17A1369901  |r 2026-02-21 22:29:00  |t č. 1-5  |w 2026-02-21  |y PREZ